书目信息 |
| 题名: |
教师发声训练教程
|
|
| 作者: | 杨小锋 编著 | |
| 分册: | ||
| 出版信息: | 北京 北京师范大学出版社 2010.06 |
|
| 页数: | 243页 | |
| 开本: | 23cm | |
| 丛书名: | ||
| 单 册: | ||
| 中图分类: | H018.1 | |
| 科图分类: | ||
| 主题词: | 发声法--高等学校--教材 , 发声法 | |
| 电子资源: | ||
| ISBN: | 978-7-303-10914-2 | |
| 000 | 00860nam0 2200253 45 | |
| 001 | 1355407436 | |
| 005 | 20130513151818.37 | |
| 010 | @a978-7-303-10914-2@dCNY22.00 | |
| 100 | @a20130108d2010 em y0chiy0110 ea | |
| 101 | 0 | @achi |
| 102 | @aCN@b110000 | |
| 105 | @aak z 000yy | |
| 106 | @ar | |
| 200 | 1 | @a教师发声训练教程@AJiao Shi Fa Sheng Xun Lian Jiao Cheng@f杨小锋编著@FYang Xiao Feng Bian Zhu |
| 210 | @a北京@c北京师范大学出版社@d2010.06 | |
| 215 | @a243页@c图@d23cm | |
| 300 | @a大学公共课系列教材 | |
| 330 | @a本书阐述了教师发音的物质基础、无声训练、气声匹配训练、共鸣调节训练、吐词训练、教师发声能力拓展训练、教师噪音的应用、教师噪音保健等。 | |
| 606 | 0 | @a发声法@x高等学校@j教材 |
| 606 | 0 | @a发声法 |
| 690 | @aH018.1@v5 | |
| 701 | 0 | @a杨小锋@AYang Xiao Feng@4编著 |
| 801 | @aCN@bTANGWEI@c20130111 | |
| 905 | @b0831073-75@dH018.1@e165@f3 | |
| 教师发声训练教程/杨小锋编著.-北京:北京师范大学出版社,2010.06 |
| 243页:图;23cm |
| 大学公共课系列教材 |
| ISBN 978-7-303-10914-2:CNY22.00 |
| 本书阐述了教师发音的物质基础、无声训练、气声匹配训练、共鸣调节训练、吐词训练、教师发声能力拓展训练、教师噪音的应用、教师噪音保健等。 |
| ● |
| 相关链接 |
|
|
|
|
正题名:教师发声训练教程
索取号:H018.1/165
 
预约/预借
| 序号 | 登录号 | 条形码 | 馆藏地/架位号 | 状态 | 备注 |
| 1 | 0831073 | 208310736 | 第二样本阅览室/ [索取号:H018.1/165] | 在馆 | |
| 2 | 0831074 | 208310745 | 第四借阅区/ [索取号:H018.1/165] | 在馆 | |
| 3 | 0831075 | 208310754 | 第四借阅区/ [索取号:H018.1/165] | 在馆 |